[Event "Hum na Sutli op 15th"]
[Site "Hum na Sutli"]
[Date "2023.08.30"]
[Round "6"]
[White "Mlinaric, Andrija"]
[Black "Rozman, Roman"]
[Result "1-0"]
[WhiteElo "1807"]
[BlackElo "1688"]
[PlyCount "97"]
[EventDate "2023.08.26"]
[EventType "swiss"]
[EventRounds "9"]
[EventCountry "CRO"]
[SourceTitle "EXT 2024"]
[Source "ChessBase"]
[SourceDate "2023.10.10"]
[SourceVersion "1"]
[SourceVersionDate "2023.10.10"]
[SourceQuality "1"]

1. d4 d5 2. Nf3 Nf6 3. c4 e6 4. g3 c5 5. Bg2 Nc6 6. 0-0 dxc4 7. dxc5 Qa5 8. Qc2 Qxc5 9. Na3 c3 10. Be3 Qb4 11. Bc1 cxb2 12. Bxb2 Qe4 13. Qd1 Qb4 14. Rb1 Qa5 15. Qb3 Bd7 16. Nc4 Qc7 17. Bxf6 gxf6 18. Qxb7 Qxb7 19. Rxb7 Rb8 20. Rfb1 Rxb7 21. Rxb7 a5 22. Nb6 Nd8 23. Rxd7 Bc5 24. Rxd8+ Kxd8 25. Nc4 a4 26. Ne1 Kc7 27. Nd3 Bd4 28. e3 Bc3 29. Nc5 a3 30. Nxa3 Be5 31. Nc4 Bd6 32. Ne4 Be7 33. Nc3 Rc8 34. a4 Kb8 35. Bf1 Kc7 36. a5 Ra8 37. Bg2 Ra6 38. Nb5+ Kb8 39. Nd4 Kc7 40. h4 Bb4 41. Nb3 Ra7 42. h5 h6 43. Kf1 Ra6 44. Ke2 Ra7 45. f4 Kd8 46. g4 Ke7 47. Nd4 Kf8 48. Nc6 Rb7 49. a6 1-0

[Event "Hum na Sutli op 15th"]
[Site "Hum na Sutli"]
[Date "2023.08.29"]
[Round "5"]
[White "Jelecevic, Ivo"]
[Black "Mlinaric, Andrija"]
[Result "1-0"]
[WhiteElo "2079"]
[BlackElo "1807"]
[PlyCount "65"]
[EventDate "2023.08.26"]
[EventType "swiss"]
[EventRounds "9"]
[EventCountry "CRO"]
[SourceTitle "EXT 2024"]
[Source "ChessBase"]
[SourceDate "2023.10.10"]
[SourceVersion "1"]
[SourceVersionDate "2023.10.10"]
[SourceQuality "1"]

1. e4 c5 2. Nf3 Nc6 3. d4 cxd4 4. Nxd4 Nf6 5. Nc3 e5 6. Ndb5 d6 7. Bg5 a6 8. Bxf6 gxf6 9. Na3 b5 10. Nd5 f5 11. exf5 Bxf5 12. g3 Rb8 13. Bg2 Be6 14. 0-0 Bxd5 15. Qxd5 Ne7 16. Qd3 Qc7 17. c4 b4 18. Nc2 a5 19. Rad1 Rd8 20. Ne3 Bg7 21. f4 exf4 22. Rxf4 Bxb2 23. Rdf1 f6 24. Ng4 0-0 25. Be4 Qc5+ 26. Kh1 f5 27. Nh6+ Kh8 28. Nxf5 Nxf5 29. Rxf5 Rxf5 30. Rxf5 Qc7 31. Qd5 Re8 32. Rf7 Re5 33. Qa8+ 1-0

[Event "Hum na Sutli op 15th"]
[Site "Hum na Sutli"]
[Date "2023.08.27"]
[Round "3"]
[White "Medvesek, Janez"]
[Black "Mlinaric, Andrija"]
[Result "1-0"]
[WhiteElo "1836"]
[BlackElo "1807"]
[PlyCount "75"]
[EventDate "2023.08.26"]
[EventType "swiss"]
[EventRounds "9"]
[EventCountry "CRO"]
[SourceTitle "EXT 2024"]
[Source "ChessBase"]
[SourceDate "2023.10.10"]
[SourceVersion "1"]
[SourceVersionDate "2023.10.10"]
[SourceQuality "1"]

1. d4 Nf6 2. c4 d6 3. Nf3 g6 4. Nc3 Bg7 5. e4 0-0 6. Be2 Bg4 7. Be3 Nbd7 8. Nd2 Bxe2 9. Qxe2 e5 10. d5 a5 11. 0-0 b6 12. b3 Nc5 13. a3 Qc8 14. f3 Nh5 15. b4 Nf4 16. Qd1 Na6 17. bxa5 bxa5 18. Nb3 Nb8 19. a4 c6 20. Rc1 c5 21. Nb5 Qd8 22. Qd2 Nh5 23. Nxd6 Qxd6 24. Bxc5 Qa6 25. Bxf8 Bxf8 26. c5 Nd7 27. c6 Qb6+ 28. Kh1 Qxb3 29. cxd7 Rd8 30. Qxa5 Rxd7 31. Qb5 Rb7 32. Qxb3 Rxb3 33. Rfd1 Nf6 34. d6 Rb7 35. Rc7 Rb8 36. d7 Rd8 37. a5 Ne8 38. Rc8 1-0

[Event "Hum na Sutli op 15th"]
[Site "Hum na Sutli"]
[Date "2023.08.27"]
[Round "2"]
[White "Mlinaric, Andrija"]
[Black "Galoic, Boris"]
[Result "1/2-1/2"]
[WhiteElo "1807"]
[BlackElo "2058"]
[PlyCount "139"]
[EventDate "2023.08.26"]
[EventType "swiss"]
[EventRounds "9"]
[EventCountry "CRO"]
[SourceTitle "EXT 2024"]
[Source "ChessBase"]
[SourceDate "2023.10.10"]
[SourceVersion "1"]
[SourceVersionDate "2023.10.10"]
[SourceQuality "1"]

1. d4 d5 2. Nf3 Nf6 3. c4 e6 4. g3 Be7 5. Bg2 0-0 6. 0-0 b6 7. b3 Bb7 8. Bb2 Nbd7 9. Nc3 c5 10. cxd5 Nxd5 11. Nxd5 Bxd5 12. dxc5 Nxc5 13. Ne5 Bxg2 14. Kxg2 Qc7 15. Kg1 Rfd8 16. Qc2 Rac8 17. Rac1 Bf6 18. Nc4 Nd7 19. Qb1 Qb8 20. Rfd1 h5 21. Bxf6 Nxf6 22. Rxd8+ Rxd8 23. Rd1 h4 24. Qc2 b5 25. Rxd8+ Qxd8 26. Qd2 Qa8 27. Ne5 h3 28. f3 a5 29. Qd4 Qc8 30. Kf2 Nd5 31. Qa7 Qf8 32. a4 bxa4 33. bxa4 f6 34. Nc6 Qa3 35. Nd8 Ne7 36. Nxe6 Qd6 37. Nf4 Nc6 38. Qe3 Ne5 39. Nxh3 Qd7 40. Qb3+ Kh8 41. Nf4 Qd4+ 42. Kg2 Nc4 43. Qd3 Ne3+ 44. Kh3 Qb6 45. Ng6+ Kg8 46. Ne7+ Kf7 47. Qd7 Qe6+ 48. Qxe6+ Kxe6 49. Nc6 Nc4 50. e4 Kd6 51. Nxa5 Nxa5 52. Kg4 g6 53. h4 Nc4 54. h5 Ne5+ 55. Kf4 gxh5 56. Kf5 Ke7 57. f4 Nc6 58. Kg6 Ke6 59. Kxh5 Na5 60. Kg6 Nb3 61. g4 Nc5 62. g5 fxg5 63. f5+ Ke5 64. Kxg5 Nxe4+ 65. Kg6 Kd6 66. Kf7 Kc5 67. Ke6 Kb4 68. Ke5 Ng5 69. f6 Kxa4 70. Kf5 1/2-1/2

[Event "Krapina op 10th"]
[Site "Krapina"]
[Date "2020.01.17"]
[Round "2"]
[White "Simunic, Edi"]
[Black "Mlinaric, Andrija"]
[Result "0-1"]
[WhiteElo "1583"]
[BlackElo "1831"]
[PlyCount "104"]
[EventDate "2020.01.16"]
[EventType "swiss"]
[EventRounds "7"]
[EventCountry "CRO"]
[SourceTitle "CBM 194 Extra"]
[Source "ChessBase"]
[SourceDate "2020.03.31"]
[SourceVersion "1"]
[SourceVersionDate "2020.03.31"]
[SourceQuality "1"]

1. d4 Nf6 2. Nf3 d5 3. Bf4 c5 4. e3 e6 5. c3 Nc6 6. Bd3 c4 7. Bc2 Bd6 8. Bg3 b5 9. Nbd2 a5 10. e4 Bxg3 11. hxg3 dxe4 12. Nxe4 h6 13. Nxf6+ Qxf6 14. Qe2 Bb7 15. d5 Ne7 16. dxe6 Qxe6 17. Qxe6 fxe6 18. Rh4 Nf5 19. Rf4 g5 20. Rg4 0-0-0 21. Be4 Kc7 22. Bxb7 Kxb7 23. Rd1 Rxd1+ 24. Kxd1 Rd8+ 25. Ke2 Kc7 26. Re4 Kd6 27. Ne5 Kd5 28. Kf3 Rf8 29. Re1 Nd6+ 30. Kg4 Rxf2 31. Nf3 Rxg2 32. Re5+ Kc6 33. Rxe6 h5+ 34. Kxg5 Rxg3+ 35. Kf4 Rg4+ 36. Ke3 Kd7 37. Re5 Rg2 38. Rxh5 Rxb2 39. Rd5 Rxa2 40. Nd4 Rb2 41. Kf4 Kc7 42. Rc5+ Kb7 43. Ke5 Ne8 44. Ke6 Nc7+ 45. Kd7 Na6 46. Rc8 a4 47. Ne6 Rd2+ 48. Nd4 a3 49. Re8 a2 50. Re1 Rb2 51. Kd6 Rb1 52. Re7+ Kb6 0-1

[Event "Krapina-ch 8th "]
[Site "Krapina"]
[Date "2018.01.20"]
[Round "5"]
[White "Mlinaric, Andrija"]
[Black "Spilek, Stjepan"]
[Result "1-0"]
[WhiteElo "1890"]
[BlackElo "1676"]
[PlyCount "105"]
[EventDate "2018.01.18"]
[EventType "swiss"]
[EventRounds "7"]
[EventCountry "CRO"]
[SourceTitle "EXT 2019"]
[Source "ChessBase"]
[SourceDate "2018.10.10"]
[SourceVersion "1"]
[SourceVersionDate "2018.10.10"]
[SourceQuality "1"]

1. Nf3 d5 2. c4 Nf6 3. e3 e6 4. Nc3 g6 5. d4 Bg7 6. b3 Nbd7 7. Ba3 c6 8. Rc1 Qa5 9. Bb2 Ne4 10. Qc2 Ndf6 11. Bd3 0-0 12. 0-0 Nxc3 13. Bxc3 Qc7 14. Ne5 Nd7 15. f4 Nxe5 16. fxe5 Qe7 17. Rce1 b6 18. e4 dxc4 19. bxc4 Ba6 20. Qa4 Bb7 21. Qb3 Rad8 22. Bb2 Rd7 23. Rd1 Rfd8 24. Be2 Qg5 25. Bc1 Qe7 26. Bb2 Bh6 27. Bf3 Bg7 28. Kh1 c5 29. d5 exd5 30. exd5 Bxe5 31. Rde1 f6 32. Bg4 Rd6 33. Bxe5 fxe5 34. Be6+ Rxe6 35. dxe6 Qxe6 36. Qg3 Re8 37. Qh4 e4 38. Rf6 Qxc4 39. Ref1 Re5 40. Qh6 Qxf1+ 41. Rxf1 Re8 42. Qe3 Rd8 43. h4 Ba6 44. Rf2 Bd3 45. h5 Rd5 46. h6 c4 47. Qf4 Rf5 48. Qb8+ Kf7 49. Qxa7+ Kf6 50. Qxb6+ Kg5 51. Qe3+ Kf6 52. Kg1 c3 53. Qd4+ 1-0

[Event "Krapina op 7th"]
[Site "Krapina"]
[Date "2017.01.15"]
[Round "6"]
[White "Mlinaric, Andrija"]
[Black "Galoic, Boris"]
[Result "0-1"]
[WhiteElo "1888"]
[BlackElo "2041"]
[PlyCount "64"]
[EventDate "2017.01.12"]
[EventType "swiss"]
[EventRounds "7"]
[EventCountry "CRO"]
[SourceTitle "CBM 176 Extra"]
[Source "ChessBase"]
[SourceDate "2017.03.02"]
[SourceVersion "1"]
[SourceVersionDate "2017.03.02"]
[SourceQuality "1"]

1. d4 d5 2. Bf4 Nf6 3. e3 e6 4. Nd2 Bd6 5. Bg3 0-0 6. Ngf3 c5 7. c3 a6 8. dxc5 Bxc5 9. a4 b6 10. b4 Bd6 11. Ne5 Qc7 12. Nd3 Bb7 13. Bxd6 Qxd6 14. f3 Nbd7 15. Be2 Rac8 16. Rc1 Ne5 17. 0-0 Nxd3 18. Bxd3 Qe5 19. Qe2 Rxc3 20. f4 Qc7 21. Nb3 Rxc1 22. Rxc1 Qd6 23. Qd2 e5 24. fxe5 Qxe5 25. h3 g6 26. a5 bxa5 27. Nxa5 Bc8 28. Nc6 Qd6 29. Nd4 Ne4 30. Qe1 Bb7 31. Bxa6 Qxa6 32. b5 Qd6 0-1

[Event "Krapina op 7th"]
[Site "Krapina"]
[Date "2017.01.14"]
[Round "5"]
[White "Starcevic, Ante Leon"]
[Black "Mlinaric, Andrija"]
[Result "1-0"]
[WhiteElo "2114"]
[BlackElo "1888"]
[PlyCount "67"]
[EventDate "2017.01.12"]
[EventType "swiss"]
[EventRounds "7"]
[EventCountry "CRO"]
[SourceTitle "CBM 176 Extra"]
[Source "ChessBase"]
[SourceDate "2017.03.02"]
[SourceVersion "1"]
[SourceVersionDate "2017.03.02"]
[SourceQuality "1"]

1. c4 Nf6 2. Nc3 d6 3. g3 g6 4. Bg2 Bg7 5. d3 0-0 6. Nf3 c6 7. 0-0 e5 8. Rb1 Re8 9. Bg5 h6 10. Bxf6 Qxf6 11. b4 Be6 12. b5 d5 13. bxc6 bxc6 14. cxd5 cxd5 15. d4 e4 16. Ne5 Qg5 17. h4 Qh5 18. e3 Qxd1 19. Rfxd1 Bxe5 20. dxe5 Nc6 21. Nxd5 Bxd5 22. Rxd5 Nxe5 23. Bxe4 Rac8 24. Kg2 f5 25. Bf3 Rc2 26. Bd1 Rc7 27. h5 g5 28. Rbb5 Nf7 29. Rxf5 Nd6 30. Rbc5 Rce7 31. Rf6 Ne4 32. Bb3+ Kg7 33. Rg6+ Kh7 34. Rcc6 1-0

[Event "Krapina op 6th"]
[Site "Krapina"]
[Date "2016.01.22"]
[Round "2"]
[White "Babic, Dalibor"]
[Black "Mlinaric, Andrija"]
[Result "1-0"]
[WhiteElo "1685"]
[BlackElo "1868"]
[PlyCount "73"]
[EventDate "2016.01.21"]
[EventType "swiss"]
[EventRounds "7"]
[EventCountry "CRO"]
[SourceTitle "CBM 170 Extra"]
[Source "ChessBase"]
[SourceDate "2016.02.25"]
[SourceVersion "1"]
[SourceVersionDate "2016.02.25"]
[SourceQuality "1"]

1. d4 Nf6 2. c4 d6 3. Nc3 e5 4. dxe5 dxe5 5. Qxd8+ Kxd8 6. Bg5 Be6 7. 0-0-0+ Kc8 8. Bxf6 gxf6 9. Nd5 Nd7 10. e3 c6 11. Nc3 Kc7 12. Nf3 Rd8 13. Be2 h6 14. h3 Bb4 15. Ne4 f5 16. Ng3 f6 17. Nh4 Rhg8 18. a3 Be7 19. Nhxf5 Bf8 20. Nh4 Nb6 21. Rxd8 Kxd8 22. Rd1+ Kc7 23. Ne4 Be7 24. g4 Nxc4 25. Bxc4 Bxc4 26. Nf5 Bd8 27. Nc5 b6 28. Rd7+ Kb8 29. b3 bxc5 30. bxc4 h5 31. gxh5 Ba5 32. h6 Rg5 33. h7 Rh5 34. Rg7 Bd8 35. Nd6 Rxh3 36. Nf7 Be7 37. h8Q+ 1-0

[Event "Krapina op 6th"]
[Site "Krapina"]
[Date "2016.01.22"]
[Round "3"]
[White "Mlinaric, Andrija"]
[Black "Spoljar, Krunoslav"]
[Result "1-0"]
[WhiteElo "1868"]
[BlackElo "1637"]
[PlyCount "90"]
[EventDate "2016.01.21"]
[EventType "swiss"]
[EventRounds "7"]
[EventCountry "CRO"]
[SourceTitle "CBM 170 Extra"]
[Source "ChessBase"]
[SourceDate "2016.02.25"]
[SourceVersion "1"]
[SourceVersionDate "2016.02.25"]
[SourceQuality "1"]

1. d4 e6 2. Nf3 d5 3. e3 Nf6 4. Be2 Be7 5. 0-0 0-0 6. b3 Nbd7 7. Bb2 c5 8. Nbd2 b6 9. c4 Bb7 10. Rc1 Rc8 11. cxd5 Bxd5 12. Ba6 Rc7 13. Qe2 Qb8 14. Rfd1 Bb7 15. Bd3 Rfc8 16. Bb1 cxd4 17. Rxc7 Rxc7 18. Nxd4 Qc8 19. N2f3 Bb4 20. Qb5 Bc3 21. Ba3 Nc5 22. Qe2 Ba6 23. Qc2 Nce4 24. Rc1 b5 25. Bb4 h6 26. Ne2 Bb7 27. Nxc3 Nxc3 28. Bxc3 b4 29. Bxf6 Rxc2 30. Rxc2 Qa8 31. Be7 g6 32. Rd2 Bd5 33. e4 Qc8 34. Rd1 Qb7 35. exd5 exd5 36. Bf6 Qc6 37. Bd4 Qb5 38. Bxa7 f5 39. Bd4 Kf7 40. h3 h5 41. Re1 Qb7 42. Ne5+ Kg7 43. Bd3 Kh7 44. Nf3 Qc7 45. Bf6 Kg8 1-0

[Event "Podturen Mavrin Memorial"]
[Site "Podturen"]
[Date "2013.01.06"]
[Round "6"]
[White "Bunjac, Branimir"]
[Black "Mlinaric, Andrija"]
[Result "0-1"]
[WhiteElo "2017"]
[BlackElo "1906"]
[PlyCount "62"]
[EventDate "2013.01.03"]
[EventType "swiss"]
[EventRounds "7"]
[EventCountry "CRO"]
[SourceTitle "CBM 152 Extra"]
[Source "ChessBase"]
[SourceDate "2013.02.25"]
[SourceVersion "1"]
[SourceVersionDate "2013.02.25"]
[SourceQuality "1"]

1. e4 c5 2. Bc4 d6 3. d3 g6 4. Ne2 Bg7 5. 0-0 Nf6 6. Nbc3 a6 7. a4 0-0 8. h3 Nc6 9. Bg5 Nh5 10. Qd2 Rb8 11. f4 Nd4 12. g4 b5 13. axb5 axb5 14. Bxf7+ Rxf7 15. gxh5 Qd7 16. hxg6 hxg6 17. f5 gxf5 18. Nxd4 Bxd4+ 19. Be3 Rg7+ 20. Kf2 fxe4 21. dxe4 Qxh3 22. Rg1 Qh4+ 23. Ke2 Bg4+ 24. Kd3 c4+ 25. Kxd4 Qf6+ 26. Kd5 e6+ 27. Kc6 Qd8 28. Ra7 Qe8+ 29. Kxd6 Rd8+ 30. Ke5 Qh5+ 31. Kf4 Rf8+ 0-1

[Event "Podturen Mavrin Memorial"]
[Site "Podturen"]
[Date "2013.01.04"]
[Round "2"]
[White "Horvat, David"]
[Black "Mlinaric, Andrija"]
[Result "1-0"]
[WhiteElo "2201"]
[BlackElo "1906"]
[PlyCount "49"]
[EventDate "2013.01.03"]
[EventType "swiss"]
[EventRounds "7"]
[EventCountry "CRO"]
[SourceTitle "CBM 152 Extra"]
[Source "ChessBase"]
[SourceDate "2013.02.25"]
[SourceVersion "1"]
[SourceVersionDate "2013.02.25"]
[SourceQuality "1"]

1. e4 c5 2. Nf3 d6 3. d4 cxd4 4. Nxd4 g6 5. Nc3 Bg7 6. Be3 Nf6 7. h3 0-0 8. Qd2 Bd7 9. 0-0-0 Nc6 10. g4 Rc8 11. h4 Ne5 12. h5 Nc4 13. Bxc4 Rxc4 14. hxg6 fxg6 15. Nf5 Rxc3 16. Qxc3 gxf5 17. gxf5 Qc8 18. Qb3+ Kh8 19. Bd4 Be8 20. Rdg1 Bf7 21. Qe3 Qe8 22. Rxg7 e5 23. fxe6 Bg6 24. Qh6 Nh5 25. Rxh7+ 1-0